[Event "Enniscrone Sligo Winter op"]
[Site "Enniscrone"]
[Date "2024.02.04"]
[Round "?"]
[White "MacElligott, Gerard"]
[Black "Melling, Jonathon"]
[Result "1/2-1/2"]
[WhiteElo "1964"]
[BlackElo "1870"]
[PlyCount "73"]
[EventDate "2024.02.02"]
[EventType "swiss"]
[EventRounds "5"]
[EventCountry "IRL"]
[SourceTitle "CB07_2024"]
[SourceDate "2024.02.14"]
[SourceVersion "1"]
[SourceVersionDate "2024.02.14"]
[SourceQuality "1"]

1. Nf3 d5 2. c4 e6 3. g3 Nf6 4. Bg2 Be7 5. 0-0 c5 6. d4 cxd4 7. cxd5 exd5 8. Nxd4 Nc6 9. a3 0-0 10. b4 Nxd4 11. Qxd4 Ne4 12. Ra2 Bf6 13. Qd1 Bf5 14. e3 Qd6 15. Bb2 Rfd8 16. Qf3 Qe6 17. Bxf6 Nxf6 18. Rd2 Ne4 19. Rd4 Rd7 20. Qd1 Rad8 21. f3 Nc3 22. Nxc3 Qxe3+ 23. Rf2 Qxc3 24. Rfd2 Re8 25. g4 Rde7 26. Kf2 Qe3+ 27. Kg3 Bg6 28. a4 Re5 29. Rxd5 h5 30. h3 Kh7 31. R2d4 R8e6 32. Qd2 Qxd2 33. Rxd2 Rxd5 34. Rxd5 hxg4 35. hxg4 Re7 36. f4 f6 37. f5 1/2-1/2

[Event "Enniscrone Sligo Winter op"]
[Site "Enniscrone"]
[Date "2024.02.03"]
[Round "?"]
[White "Melling, Jonathon"]
[Black "Woods, Yannick"]
[Result "0-1"]
[WhiteElo "1870"]
[BlackElo "1856"]
[PlyCount "74"]
[EventDate "2024.02.02"]
[EventType "swiss"]
[EventRounds "5"]
[EventCountry "IRL"]
[SourceTitle "CB07_2024"]
[SourceDate "2024.02.14"]
[SourceVersion "1"]
[SourceVersionDate "2024.02.14"]
[SourceQuality "1"]

1. d4 Nf6 2. c4 e6 3. Nc3 Bb4 4. Qc2 d5 5. a3 Bxc3+ 6. Qxc3 Ne4 7. Qc2 0-0 8. e3 b6 9. Bd3 Bb7 10. Ne2 Nf6 11. 0-0 Nbd7 12. b4 c5 13. bxc5 dxc4 14. Qxc4 bxc5 15. Bb2 Bd5 16. Qc3 Rb8 17. dxc5 Nxc5 18. Qxc5 Rxb2 19. Nf4 Qb6 20. Qxb6 Rxb6 21. Nxd5 Nxd5 22. g3 g6 23. Rab1 Rc8 24. Rxb6 Nxb6 25. Ra1 Rc3 26. Bb5 Rb3 27. a4 Rb4 28. Kg2 Kf8 29. Bc6 a5 30. Kf3 Ke7 31. h4 h5 32. Ra2 f5 33. e4 Nc4 34. Kf4 Kf6 35. Bb5 Rb3 36. exf5 gxf5 37. Re2 e5+ 0-1

[Event "Ivrea Autumn 21st"]
[Site "Ivrea"]
[Date "2010.11.11"]
[Round "6"]
[White "Ranieri, Fabrizio"]
[Black "Melling, Jonathon"]
[Result "1-0"]
[WhiteElo "2277"]
[BlackElo "1905"]
[PlyCount "35"]
[EventDate "2010.10.07"]
[EventType "swiss"]
[EventRounds "9"]
[EventCountry "ITA"]
[SourceTitle "EXT 2024"]
[Source "ChessBase"]
[SourceDate "2023.10.10"]
[SourceVersion "1"]
[SourceVersionDate "2023.10.10"]
[SourceQuality "1"]

1. e4 e5 2. Bc4 Nc6 3. Nf3 Bb4 4. 0-0 d6 5. c3 Ba5 6. d4 f6 7. Qa4 a6 8. Bxg8 Rxg8 9. b4 Bd7 10. Qb3 Rf8 11. bxa5 Nxa5 12. Qc2 Bb5 13. Re1 Qd7 14. a4 Bc4 15. Nbd2 Bg8 16. Ba3 0-0-0 17. d5 h6 18. Bb4 1-0

[Event "Ivrea Autumn 21st"]
[Site "Ivrea"]
[Date "2010.10.28"]
[Round "4"]
[White "Melling, Jonathon"]
[Black "Bruera, Marco"]
[Result "1-0"]
[WhiteElo "1905"]
[BlackElo "1524"]
[PlyCount "113"]
[EventDate "2010.10.07"]
[EventType "swiss"]
[EventRounds "9"]
[EventCountry "ITA"]
[SourceTitle "EXT 2024"]
[Source "ChessBase"]
[SourceDate "2023.10.10"]
[SourceVersion "1"]
[SourceVersionDate "2023.10.10"]
[SourceQuality "1"]

1. d4 d5 2. c4 Nc6 3. Nf3 Bg4 4. Bg5 Nf6 5. e3 e6 6. Nc3 Be7 7. Rc1 h6 8. Bh4 Ne4 9. Bg3 Nxg3 10. hxg3 a6 11. a3 Bf6 12. Qd2 Rc8 13. b4 dxc4 14. Bxc4 Ne7 15. Ne4 Nd5 16. Nxf6+ Nxf6 17. Ne5 Bf5 18. f3 Nd7 19. Nd3 Bxd3 20. Qxd3 Nf6 21. g4 Qd6 22. Kf2 Rd8 23. g5 Nd5 24. gxh6 gxh6 25. Rh3 Nf6 26. g4 b5 27. Bb3 Nd5 28. Qe4 Kd7 29. Rc5 c6 30. f4 Rde8 31. Qh1 Rhg8 32. Rh4 Rg6 33. Bc2 Rg7 34. Be4 Ra8 35. Qf3 a5 36. Rxh6 axb4 37. f5 Rxa3 38. fxe6+ fxe6 39. Bxd5 cxd5 40. Qf6 Qe7 41. Rxd5+ Kc6 42. Rc5+ Kb6 43. Qe5 Qf7+ 44. Rf6 Ra2+ 45. Kg3 Qd7 46. Rxe6+ Ka5 47. Rxb5+ Qxb5 48. Qxg7 Ka4 49. Qc7 Kb3 50. Qf7 Kb2 51. Qf6 b3 52. d5+ Kc1 53. Rc6+ Rc2 54. Qa1+ Kd2 55. Qd4+ Kc1 56. Rb6 Qxb6 57. Qxb6 1-0

[Event "Biella op 1st"]
[Site "Biella"]
[Date "2010.09.25"]
[Round "3"]
[White "Melling, Jonathon"]
[Black "Avetta, Gianmario"]
[Result "0-1"]
[WhiteElo "1905"]
[BlackElo "1718"]
[PlyCount "94"]
[EventDate "2010.09.24"]
[EventType "swiss"]
[EventRounds "5"]
[EventCountry "ITA"]
[SourceTitle "EXT 2024"]
[Source "ChessBase"]
[SourceDate "2023.10.10"]
[SourceVersion "1"]
[SourceVersionDate "2023.10.10"]
[SourceQuality "1"]

1. d4 d5 2. c4 e6 3. Nc3 Nf6 4. Bg5 Be7 5. Nf3 Nbd7 6. e3 b6 7. Qc2 Bb7 8. Bf4 Nh5 9. Bg3 c5 10. Nb5 Nxg3 11. hxg3 Nf6 12. Ne5 a6 13. Nc3 Rc8 14. Qa4+ Kf8 15. Rd1 Qc7 16. Qc2 g6 17. Bd3 Kg7 18. g4 dxc4 19. Bxc4 b5 20. g5 bxc4 21. gxf6+ Bxf6 22. f4 Bxe5 23. fxe5 Qe7 24. Qf2 Rhd8 25. Rd2 Rd7 26. Na4 cxd4 27. Nb6 dxe3 28. Qf6+ Kg8 29. Rxd7 Qb4+ 30. Kd1 e2+ 31. Kxe2 Qxb2+ 32. Rd2 Qxb6 33. Rxh7 Kxh7 34. Qxf7+ Kh6 35. Qf4+ g5 36. Qh2+ Kg6 37. g4 Bd5 38. Qh5+ Kg7 39. Qxg5+ Kf7 40. Qf6+ Kg8 41. Rxd5 Qb2+ 42. Rd2 Qb6 43. g5 c3 44. g6 Rf8 45. Rd8 Qxd8 46. Qxe6+ Kg7 47. Qxa6 Qd2# 0-1

[Event "Ivrea Eporediese op 26th"]
[Site "Ivrea"]
[Date "2009.02.19"]
[Round "6"]
[White "Melling, Jonathon"]
[Black "Saccona, Silvano"]
[Result "0-1"]
[WhiteElo "1877"]
[BlackElo "2198"]
[PlyCount "64"]
[EventDate "2009.01.15"]
[EventType "swiss"]
[EventRounds "9"]
[EventCountry "ITA"]
[SourceTitle "EXT 2011"]
[Source "ChessBase"]
[SourceDate "2010.11.26"]
[SourceVersion "1"]
[SourceVersionDate "2010.11.26"]
[SourceQuality "1"]

1. d4 d5 2. Nf3 c6 3. c4 dxc4 4. Nc3 e6 5. Bf4 Nf6 6. e3 b5 7. Qc2 Nd5 8. Bg3 Bb7 9. Be2 Nxc3 10. bxc3 Nd7 11. Rb1 Qc8 12. 0-0 Be7 13. Nd2 Nf6 14. Be5 a6 15. Bf3 0-0 16. e4 Nd7 17. Bg3 f6 18. Bh5 Nb6 19. f4 g6 20. Be2 f5 21. Rf3 c5 22. Bf2 cxd4 23. Bxd4 Bc5 24. Bxc5 Qxc5+ 25. Kh1 Rad8 26. Rd1 Rd7 27. Rg3 Qf2 28. exf5 Qxe2 29. fxg6 h6 30. g7 Rxg7 31. Rg6 Rxf4 32. Qb1 Bxg2+ 0-1

[Event "Genova Primavera op 10th"]
[Site "Genova"]
[Date "2007.03.25"]
[Round "4"]
[White "Pedemonte, Claudio"]
[Black "Melling, Jonathon"]
[Result "1/2-1/2"]
[WhiteElo "1928"]
[BlackElo "1545"]
[PlyCount "92"]
[EventDate "2007.03.23"]
[EventType "swiss"]
[EventRounds "5"]
[EventCountry "ITA"]
[SourceTitle "EXT 2008"]
[Source "ChessBase"]
[SourceDate "2007.11.25"]
[SourceVersion "1"]
[SourceVersionDate "2007.11.25"]
[SourceQuality "1"]

1. c4 e5 2. g3 Nf6 3. Bg2 Bc5 4. e3 Nc6 5. Nf3 d5 6. cxd5 Nxd5 7. 0-0 Bg4 8. Qa4 Qd7 9. Nc3 Nxc3 10. dxc3 Rd8 11. b4 Bb6 12. c4 a6 13. Bb2 0-0 14. c5 Ba7 15. Rad1 Qe7 16. Rxd8 Rxd8 17. b5 Bxf3 18. Bxf3 axb5 19. Qxb5 e4 20. Bg2 Rb8 21. Qc4 Bxc5 22. Bxe4 Nd8 23. a4 b6 24. Rd1 Ne6 25. Bc2 Ng5 26. Qg4 Rd8 27. h4 Rxd1+ 28. Bxd1 Ne6 29. Bb3 g6 30. Qe4 Nf8 31. Qf3 Bd6 32. Qd5 Nd7 33. Kg2 Be5 34. Qe4 Qd6 35. Qc4 Qf6 36. Ba3 Bd6 37. Bxd6 cxd6 38. Qd5 Nc5 39. Qc4 Nxb3 40. Qxb3 Qd8 41. Kf3 Qf6+ 42. Ke2 Qd8 43. Qd5 Qc7 44. Kf3 Kf8 45. Ke4 Qc2+ 46. Kf3 Qc7 1/2-1/2

[Event "Genova Primavera op 10th"]
[Site "Genova"]
[Date "2007.03.24"]
[Round "3"]
[White "Melling, Jonathon"]
[Black "Fabbricini, Dante"]
[Result "1-0"]
[WhiteElo "1545"]
[BlackElo "1502"]
[PlyCount "113"]
[EventDate "2007.03.23"]
[EventType "swiss"]
[EventRounds "5"]
[EventCountry "ITA"]
[SourceTitle "EXT 2008"]
[Source "ChessBase"]
[SourceDate "2007.11.25"]
[SourceVersion "1"]
[SourceVersionDate "2007.11.25"]
[SourceQuality "1"]

1. e4 c5 2. Nf3 d6 3. Nc3 Nf6 4. d4 cxd4 5. Nxd4 a6 6. Bg5 e6 7. Bd3 Be7 8. Qe2 Nbd7 9. 0-0 Qc7 10. Rad1 b5 11. a3 Bb7 12. Rfe1 Nc5 13. Qd2 Nxd3 14. cxd3 0-0 15. Rc1 Qa5 16. Nd5 Qxd2 17. Nxe7+ Kh8 18. Bxd2 Rfe8 19. Nec6 Nd7 20. Na5 Bc8 21. b4 Ne5 22. Rc3 Ng6 23. Rec1 d5 24. exd5 exd5 25. Re1 Be6 26. Nb7 Rf8 27. Nxe6 fxe6 28. Rxe6 Rf7 29. Nd6 Rff8 30. Nb7 Rf7 31. Na5 Raf8 32. f3 Nh4 33. d4 Nf5 34. Nc6 Rc7 35. Re5 Nd6 36. Rxd5 Nc4 37. Bc1 Rxc6 38. Kf2 Kg8 39. Rd7 Ra8 40. d5 Rcc8 41. g4 Rf8 42. Be3 Ne5 43. Rdc7 Nxg4+ 44. Ke2 Nxh2 45. Bc5 Rfe8+ 46. Re7 Rxe7+ 47. Bxe7 Re8 48. d6 Kf7 49. Kf2 Nxf3 50. Kxf3 Ke6 51. Rc7 Ra8 52. d7 Kxe7 53. Rc8 Rxc8 54. dxc8Q g6 55. Qxa6 Kf7 56. Kg4 h5+ 57. Kg5 1-0

[Event "Genova Primavera op 10th"]
[Site "Genova"]
[Date "2007.03.23"]
[Round "1"]
[White "Melling, Jonathon"]
[Black "Zunino, Davide"]
[Result "0-1"]
[WhiteElo "1545"]
[BlackElo "1917"]
[PlyCount "79"]
[EventDate "2007.03.23"]
[EventType "swiss"]
[EventRounds "5"]
[EventCountry "ITA"]
[SourceTitle "EXT 2008"]
[Source "ChessBase"]
[SourceDate "2007.11.25"]
[SourceVersion "1"]
[SourceVersionDate "2007.11.25"]
[SourceQuality "1"]

1. e4 d6 2. Nc3 Nf6 3. d4 c6 4. Bg5 Nbd7 5. Nf3 h6 6. Bh4 Qb6 7. Rb1 Qc7 8. Be2 e5 9. Bg3 Nh5 10. Nxe5 Nxg3 11. Nxd7 Nxh1 12. Nxf8 Nxf2 13. Kxf2 Rxf8 14. d5 Bd7 15. Qd2 0-0-0 16. b4 Qb6+ 17. Qe3 Qxe3+ 18. Kxe3 f5 19. dxc6 bxc6 20. b5 Rde8 21. Kd4 fxe4 22. Ke3 Kc7 23. Rb4 d5 24. Rd4 Re5 25. bxc6 Bxc6 26. Nb5+ Bxb5 27. Bxb5 Rg5 28. g3 Rf3+ 29. Ke2 Rh5 30. Kd1 Rxh2 31. Rxd5 Rxg3 32. Kc1 Kb6 33. Bc4 e3 34. Re5 Rgg2 35. Bd3 Rg1+ 36. Kb2 e2 37. Bxe2 Re1 38. Rb5+ Kc6 39. Bd3 Rd1 40. Kc3 0-1